La participación y representación política de los pueblos Mayas de Guatemala: líneas de un modelo, desde sus propias creencias, valores y normas

保存先:
書誌詳細
第一著者: Similox Salazar, Vitalino (著者)
フォーマット: 図書
言語:スペイン語
出版事項: Salamanca Universidad Pontificia de Salamanca 2004
シリーズ:Tesis, 18
主題:
タグ: タグ追加
タグなし, このレコードへの初めてのタグを付けませんか!

MARC

LEADER 00000nam a2200000 a 4500
001 UCK3936
003 CL-VaPUC
008 050513e20040000SP |||||||||||||||||spa|d
020 |a 8472996328 
082 0 4 |a 323.17281  |b SIM  |2 21 
100 0 |a Similox Salazar, Vitalino  |e author  |9 492320 
245 1 3 |a La participación y representación política de los pueblos Mayas de Guatemala: líneas de un modelo, desde sus propias creencias, valores y normas 
300 |a 81 p 
942 |c BK 
945 |d 20050513 00:00:00  |a jcarroza 
260 |a Salamanca  |b Universidad Pontificia de Salamanca  |c 2004 
500 |a Extracto de la Tesis Doctoral presentada para la obtención del grado de Doctor 
650 7 |a PARTICIPACION POLITICA  |2 CL-VaPUC  |9 492321 
650 0 |a Representación política   |9 362081 
650 7 |a MAYAS   |2 CL-VaPUC  |9 267590 
650 0 |a Racismo  |9 255805 
651 0 |a Guatemala  |9 258335 
583 |a last modification  |c 20050513 00:00:00  |k Rodrigo Vera 
490 0 |a Tesis, 18 
999 |c 312981  |d 312979 
952 |0 0  |1 0  |4 0  |6 323_172810000000000_SIM_2004  |7 0  |8 A  |9 383998  |a BIBHIS  |b BIBHIS  |d 2019-11-22  |i 4117913  |o 323.17281 SIM 2004  |p 4117913  |r 2025-01-20  |w 2019-11-22  |y BK  |k HIS